EToH Towers by Picture - Statistics

General Stats
  • This quiz has been taken 51 times
  • The average score is 11 of 16
Answer Stats
Picture Answer % Correct
Citadel of Laptop Splitting
97%
Citadel of Wacky Strategy
92%
Tower of Generation Failure
92%
Tower of Elongated Runs
87%
Tower of True Skill
82%
Tower of Astral Eclipse
79%
Tower of Inception
79%
Tower of Anger
77%
Tower of Beat Block Berserk
72%
Tower of Rough Endoplasmic Reticulum
69%
Tower of Dangerous Expeditions
62%
Tower of White Space
62%
Tower of Extraordinary Adventures
56%
Tower of Hazardous Laddering
56%
Steeple of Descendance
49%
Tower of Fleeing From Everything Ending
36%
No matching quizzes found
Score Distribution
Percent of People with Each Score
Percentile by Number Answered
Your Score History
You have not taken this quiz